| 000 | 00448nam a2200181 4500 | ||
|---|---|---|---|
| 003 | SEACOMEC | ||
| 005 | 20240805123352.0 | ||
| 008 | 240210b |||||||| |||| 00| 0 eng d | ||
| 020 | _cRs.250.00 | ||
| 040 | _aSEACOMEC | ||
| 082 |
_a510.02462 _bR234 |
||
| 100 | _aRathore,S.K.S. | ||
| 245 | 1 |
_aHigher engineering mathematics : Vol- 1 _cS,K,S. Rathore |
|
| 260 |
_aPune _bEverest _c2004 |
||
| 300 | _avol-1 | ||
| 650 | _amathematics | ||
| 942 | _cBOOK | ||
| 999 |
_c614 _d614 |
||